El flaco : (Record no. 10582)
[ view plain ]
| 000 -LEADER | |
|---|---|
| fixed length control field | 00670nam a22002057a 4500 |
| 008 - FIXED-LENGTH DATA ELEMENTS--GENERAL INFORMATION | |
| fixed length control field | 241206b ||||| |||| 00| 0 spa d |
| 020 ## - INTERNATIONAL STANDARD BOOK NUMBER | |
| International Standard Book Number | 978-950-49-2549-1 |
| 040 ## - CATALOGING SOURCE | |
| Original cataloging agency | AR-FvUNAJ |
| Modifying agency | AR-FvUNAJ |
| Description conventions | aacr2 |
| 082 14 - DEWEY DECIMAL CLASSIFICATION NUMBER | |
| Edition number | 14 |
| Classification number | 324.2 |
| 100 1# - MAIN ENTRY--PERSONAL NAME | |
| 9 (RLIN) | 8822 |
| Personal name | Feinmann, José Pablo |
| Dates associated with a name | 1943- |
| 245 13 - TITLE STATEMENT | |
| Title | El flaco : |
| Remainder of title | diálogo irreverentes con Néstor Kirchner. / |
| Statement of responsibility, etc | José Pablo Feinmann |
| 250 ## - EDITION STATEMENT | |
| Edition statement | 4a.ed. |
| 260 ## - PUBLICATION, DISTRIBUTION, ETC. (IMPRINT) | |
| Place of publication, distribution, etc | Buenos Aires : |
| Name of publisher, distributor, etc | Planeta, |
| Date of publication, distribution, etc | 2011. |
| 300 ## - PHYSICAL DESCRIPTION | |
| Extent | 320 p. |
| 600 10 - SUBJECT ADDED ENTRY--PERSONAL NAME | |
| 9 (RLIN) | 1489 |
| Personal name | KIRCHNER, NÉSTOR CARLOS |
| Dates associated with a name | (1950-2010) |
| 650 #0 - SUBJECT ADDED ENTRY--TOPICAL TERM | |
| Source of heading or term | unescot |
| 9 (RLIN) | 548 |
| Topical term or geographic name as entry element | POLITICA |
| 651 #0 - SUBJECT ADDED ENTRY--GEOGRAPHIC NAME | |
| 9 (RLIN) | 326 |
| Geographic name | ARGENTINA |
| 942 ## - ADDED ENTRY ELEMENTS (KOHA) | |
| Source of classification or shelving scheme | Dewey Decimal Classification |
| Item type | Libro, folleto, traducción |
| 980 ## - EQUIVALENCE OR CROSS-REFERENCE-SERIES STATEMENT--PERSONAL NAME/TITLE [LOCAL, CANADA] | |
| Linkage | 2 |
| Personal name | Virginia Figueroa |
| Field link and sequence number | 2 |
| Miscellaneous information | Virginia Figueroa |
| Withdrawn status | Lost status | Source of classification or shelving scheme | Damaged status | Not for loan | Home library | Current library | Date acquired | Source of acquisition | Full call number | Barcode | Date last seen | Price effective from | Koha item type |
|---|---|---|---|---|---|---|---|---|---|---|---|---|---|
| Dewey Decimal Classification | Biblioteca Central | Biblioteca Central | 06/12/2024 | Donación | 324.2 FEI | UNAJ24120015 | 17/03/2025 | 06/12/2024 | Libro, folleto, traducción |